[Event "WSTCC-65 2020"]
[Site "Prague"]
[Date "2020.03.11"]
[Round "6.19"]
[White "Schoeneberg, Manfred"]
[Black "Mlynek, Petr"]
[Result "1/2-1/2"]
[WhiteElo "2144"]
[BlackElo "2053"]
[Annotator "ChessBase"]
[PlyCount "28"]
[EventDate "2020.03.06"]
[EventType "team-tourn"]
[EventCountry "CZE"]
[SourceTitle "playchess.com"]
[Source "ChessBase"]
[SourceQuality "1"]
[TimeControl "40/5400+30:1800+30"]

1. e4 {[%emt 0:00:00]} c6 {[%emt 0:00:00]} 2. d4 {[%emt 0:00:50]} d5 {[%emt 0:00:00]} 3. Nc3 {[%emt 0:00:05]} dxe4 {[%emt 0:00:00]} 4. Nxe4 {[%emt 0:00:06]} Nd7 {[%emt 0:00:09]} 5. Nf3 {[%emt 0:01:41]} Ngf6 {[%emt 0:00:16]} 6. Ng3 {[%emt 0:02:14]} e6 {[%emt 0:01:02]} 7. Bd3 {[%emt 0:03:57]} c5 {[%emt 0:00:19]} 8. O-O {[%emt 0:05:55]} cxd4 {[%emt 0:01:25]} 9. Nxd4 {[%emt 0:00:29]} Bc5 {[%emt 0:03:10]} 10. Nb3 {[%emt 0:01:31]} Bb6 {[%emt 0:03:39]} 11. Qe2 {[%emt 0:03:03]} O-O {[%emt 0:00:28]} 12. Be3 {[%emt 0:04:45]} Bxe3 {[%emt 0:02:03]} 13. Qxe3 {[%emt 0:01:32]} b6 {[%emt 0:03:38]} 14. Rad1 {[%emt 0:06:43]} Qc7 {[%emt 0:00:28]} 1/2-1/2

[Event "WSTCC-65 2020"]
[Site "Prague"]
[Date "2020.03.11"]
[Round "6.20"]
[White "Fencl, Vaclav"]
[Black "Heinsohn, Guenther"]
[Result "0-1"]
[WhiteElo "1857"]
[BlackElo "2157"]
[Annotator "ChessBase"]
[PlyCount "116"]
[EventDate "2020.03.06"]
[EventType "team-tourn"]
[EventCountry "CZE"]
[SourceTitle "playchess.com"]
[Source "ChessBase"]
[SourceQuality "1"]
[TimeControl "40/5400+30:1800+30"]

1. d4 {[%emt 0:00:00]} Nf6 {[%emt 0:00:00]} 2. c4 {[%emt 0:00:00]} g6 {[%emt 0:02:12]} 3. Nc3 {[%emt 0:00:03]} Bg7 {[%emt 0:00:11]} 4. e4 {[%emt 0:00:09]} d6 {[%emt 0:00:22]} 5. f4 {[%emt 0:00:14]} O-O {[%emt 0:01:07]} 6. Nf3 {[%emt 0:00:08]} c5 {[%emt 0:00:40]} 7. d5 {[%emt 0:00:18]} e6 {[%emt 0:01:31]} 8. Be2 {[%emt 0:00:08]} exd5 {[%emt 0:00:15]} 9. exd5 {[%emt 0:00:12]} Re8 {[%emt 0:12:58]} 10. O-O {[%emt 0:00:24]} Bf5 {[%emt 0:03:46]} 11. h3 {[%emt 0:13:43]} Ne4 {[%emt 0:03:10]} 12. Nxe4 {[%emt 0:01:00]} Bxe4 {[%emt 0:00:15]} 13. Ng5 {[%emt 0:00:33]} Nd7 {[%emt 0:17:22]} 14. Nxe4 {[%emt 0:15:35]} Rxe4 {[%emt 0:02:15]} 15. Bd3 {[%emt 0:00:24]} Re8 {[%emt 0:02:29]} 16. Qc2 {[%emt 0:01:14]} f5 {[%emt 0:02:53]} 17. Bd2 {[%emt 0:00:46]} Nf6 {[%emt 0:00:29]} 18. Rae1 {[%emt 0:00:26]} Qd7 {[%emt 0:00:48]} 19. Bc3 {[%emt 0:03:29]} Nh5 {[%emt 0:01:13]} 20. Bxg7 {[%emt 0:01:01]} Qxg7 {[%emt 0:00:25]} 21. Qf2 {[%emt 0:00:34]} Qf6 {[%emt 0:03:40]} 22. b3 {[%emt 0:07:03]} Qc3 {[%emt 0:06:03]} 23. Re3 {[%emt 0:03:31]} Rxe3 {[%emt 0:01:59]} 24. Qxe3 {[%emt 0:00:08]} Ng7 {[%emt 0:01:00]} 25. Rc1 {[%emt 0:01:17]} Qb2 {[%emt 0:03:05]} 26. Rc2 {[%emt 0:01:14]} Qa1+ {[%emt 0:01:34]} 27. Bf1 {[%emt 0:01:31]} Re8 {[%emt 0:01:38]} 28. Qf2 {[%emt 0:00:49]} Nh5 {[%emt 0:04:15]} 29. g4 {[%emt 0:05:31]} fxg4 {[%emt 0:00:30]} 30. hxg4 {[%emt 0:00:05]} Nf6 {[%emt 0:00:07]} 31. Re2 {[%emt 0:02:14]} Rxe2 {[%emt 0:01:28]} 32. Qxe2 {[%emt 0:00:04]} Qd4+ {[%emt 0:00:19]} 33. Qf2 {[%emt 0:01:28]} Qxf2+ {[%emt 0:01:08]} 34. Kxf2 {[%emt 0:00:04]} Nxg4+ {[%emt 0:00:10]} 35. Ke2 {[%emt 0:00:23]} Kg7 {[%emt 0:01:01]} 36. Bh3 {[%emt 0:01:00]} Nh6 {[%emt 0:00:12]} 37. Kf3 {[%emt 0:01:17]} Kf6 {[%emt 0:00:11]} 38. Ke4 {[%emt 0:00:38]} Nf7 {[%emt 0:03:13]} 39. Be6 {[%emt 0:04:03]} h6 {[%emt 0:00:46]} 40. Kf3 {[%emt 0:00:00]} Nd8 {[%emt 0:00:00]} 41. Bc8 {[%emt 0:01:22]} b6 {[%emt 0:01:45]} 42. Kg4 {[%emt 0:00:49]} a5 {[%emt 0:02:03]} 43. Bd7 {[%emt 0:00:20]} Nf7 {[%emt 0:03:27]} 44. Be6 {[%emt 0:00:38]} h5+ {[%emt 0:00:38]} 45. Kh4 {[%emt 0:01:04]} Nh6 {[%emt 0:01:36]} 46. Kg3 {[%emt 0:01:55]} Nf5+ {[%emt 0:00:29]} 47. Kf2 {[%emt 0:00:11]} g5 {[%emt 0:01:55]} 48. fxg5+ {[%emt 0:02:07]} Kxg5 {[%emt 0:00:11]} 49. Bf7 {[%emt 0:00:15]} Nd4 {[%emt 0:01:32]} 50. Bg8 {[%emt 0:00:46]} Kf4 {[%emt 0:02:52]} 51. Bh7 {[%emt 0:00:16]} b5 {[%emt 0:02:25]} 52. Bd3 {[%emt 0:03:40]} b4 {[%emt 0:04:02]} 53. Bg6 {[%emt 0:02:24]} h4 {[%emt 0:00:16]} 54. Bd3 {[%emt 0:00:31]} Nf3 {[%emt 0:01:45]} 55. Bg6 {[%emt 0:01:02]} Ne5 {[%emt 0:01:26]} 56. Bc2 {[%emt 0:01:41]} Ng4+ {[%emt 0:02:09]} 57. Kg1 {[%emt 0:00:08]} Kg3 {[%emt 0:00:59]} 58. Bf5 {[%emt 0:01:08]} Nf2 {[%emt 0:00:39]} 0-1

[Event "WSTCC-65 2020"]
[Site "Prague"]
[Date "2020.03.11"]
[Round "6.21"]
[White "Uddenfeldt, Dan"]
[Black "Boehnisch, Manfred"]
[Result "1-0"]
[WhiteElo "2320"]
[BlackElo "2246"]
[Annotator "TA"]
[PlyCount "73"]
[EventDate "2020.03.06"]
[EventType "team-tourn"]
[EventCountry "CZE"]
[SourceTitle "playchess.com"]
[Source "ChessBase"]
[SourceQuality "1"]

{[%evp 15,73,37,44,36,69,76,62,72,66,56,69,73,77,77,77,79,83,83,90,54,162,165,192,181,257,83,146,135,150,93,93,93,111,94,175,167,225,164,169,165,257,248,241,244,261,256,275,279,280,275,481,363,468,468,460,460,460,391,418,393]} 1. Nf3 d5 2. d4 Nf6 3. c4 c6 4. cxd5 cxd5 5. Nc3 Nc6 6. Bf4 Ne4 7. e3 Nxc3 8. bxc3 g6 9. Rc1 {[#] D13: Slav Defence: Exchange variation without ...Bf5.} Bf5 $146 ({Predecessor:} 9... Bg7 10. Bd3 {½-½ (10) Giardelli,S (2437)-Kanefsck,G (2389) Buenos Aires 2003}) 10. Qb3 Qb6 11. Qxd5 {White is slightly better.} Qb2 12. e4 e6 13. Qb3 Qxb3 14. axb3 Bxe4 {[#]} 15. Nd2 $1 {[%cal Rd2e4]} Bf5 16. Nc4 Rd8 17. b4 {Strongly threatening b5.} f6 (17... a6 $1 $14) 18. b5 $18 Nb8 19. Ra1 $36 {[%mdl 2048] Black is under strong pressure.} a6 {[#]} (19... g5 $142) 20. b6 $2 (20. Na5 $1 $18 {is the precise move to win.}) 20... Be4 (20... Nc6 $142) 21. Bc7 $16 Rc8 22. Nd6+ ({White should try} 22. f3 Bc6 23. Kf2) 22... Bxd6 23. Bxd6 Nd7 24. Bc7 e5 (24... Bc6 $16 {is a better defense.}) 25. f3 $18 Bc6 (25... Bf5 {might work better.} 26. dxe5 fxe5) 26. Ra5 exd4 27. cxd4 {[%cal Bc3d4,Bd4d5,Bd5d6][%mdl 32]} O-O (27... Ke7 $142 28. Kf2 Rxc7 29. bxc7 Kd6) 28. Kf2 Nb8 29. Bd3 Kg7 30. d5 Be8 31. g4 Rf7 32. Re1 Rd7 $2 (32... Kg8 33. h3 Rg7) 33. Be4 Rdxc7 34. bxc7 Rxc7 35. d6 Rd7 {[#]} 36. Bxb7 $1 {[%mdl 512]} Bf7 (36... Rxb7 37. Rxe8) 37. Re7 {Accuracy: White = 72%, Black = 43%.} 1-0

[Event "WSTCC-65 2020"]
[Site "Prague"]
[Date "2020.03.11"]
[Round "6.22"]
[White "Beltz, Robert"]
[Black "Renman, Nils-Gustaf"]
[Result "0-1"]
[WhiteElo "2158"]
[BlackElo "2307"]
[Annotator "TA"]
[PlyCount "77"]
[EventDate "2020.03.06"]
[EventType "team-tourn"]
[EventCountry "CZE"]
[SourceTitle "playchess.com"]
[Source "ChessBase"]
[SourceQuality "1"]

{[%evp 13,77,1,0,7,7,-4,42,0,29,31,56,37,46,52,43,50,323,219,329,96,112,55,48,44,50,40,424,-7,-6,0,-9,-30,-32,-31,-35,-164,-100,-208,-206,-207,-210,-221,-193,-236,-190,-207,-191,-238,-219,-350,-335,-435,-263,-722,-652,-1779,-1822,-5406,-5094,-29985,-29986,-29986,-29987,-29988,-29989,-29991]} 1. d4 e6 2. Bf4 c5 3. e3 Nf6 4. Nf3 Nc6 5. Nbd2 d5 6. c3 Bd6 7. dxc5 Bxc5 8. Bd3 {D02: 1 d4 d5 2 Nf3 sidelines, including 2...Nf6 3 g3 and 2...Nf6 3 Bf4.} Qe7 {[#] Threatens to win with ...e5.} 9. e4 h6 {[#]} 10. b4 $146 {White is slightly better.} ({Predecessor:} 10. h3 O-O 11. O-O Bb6 12. Qe2 Bc7 13. Bxc7 Qxc7 14. e5 Nd7 15. Rae1 f6 16. exf6 Nxf6 {1-0 (66) Bagheri,A (2490)-Czebe,A (2468) Beijing 2008}) 10... Bb6 (10... Nh5 $5 {[%cal Rh5f4]} 11. Bg3 Nxg3 12. hxg3 Bb6 $11) 11. b5 Nh5 12. Be3 Bxe3 13. fxe3 dxe4 14. Nxe4 Na5 $2 {[%mdl 8192]} (14... Nb8 $1 $14) 15. O-O Nf6 (15... e5 $142 16. Qa4 b6) 16. Qa4 $2 (16. Ne5 $18) 16... b6 $16 {[#]} 17. Ne5 ({White should try} 17. Qd4 $1 $16 Nxe4 18. Bxe4) 17... Bb7 $14 18. Nc6 Bxc6 $1 19. bxc6 {Strongly threatening Ba6.} Nxe4 $4 {[%mdl 8192]} (19... Nd5 $14) 20. Qxe4 $2 (20. c7+ $1 $18 Kf8 21. Bxe4) 20... f5 $11 21. Qe5 {Black must now prevent Bxf5!} Nxc6 22. Bb5 Rc8 23. Rad1 $1 {Bxc6+ is the strong threat.} O-O $36 {[%mdl 2048] Black has the initiative.} 24. Qg3 (24. Qd6 $1 $15 Qxd6 25. Rxd6) 24... Qc5 (24... Rfd8 $19 25. Ba6 Rxd1 26. Rxd1 Rd8 27. Rxd8+ Nxd8) 25. c4 (25. Rd7 $17 {is a better defense.} Rf7 26. Qd6) 25... Rcd8 $19 {And now ...Rxd1 would win.} 26. Bxc6 Qxc6 27. Qh4 Rd7 28. Rd4 e5 29. Rxd7 Qxd7 {[%mdl 4096] Endgame KQR-KQR} 30. c5 Qd3 31. Qf2 (31. Qg3 $142 f4 32. exf4 Qd4+ 33. Qf2) 31... bxc5 32. Rc1 Rc8 33. e4 $2 (33. Qe1) 33... fxe4 34. Re1 Qd4 35. Qe3 c4 {[%cal Bc5c4,Bc4c3,Bc3c2][%mdl 32]} 36. Kh1 Qxe3 {Black mates.} 37. Rxe3 c3 38. Re1 c2 39. Rc1 {Quite a comeback for Black. Accuracy: White = 28%, Black = 57%.} 0-1

[Event "WSTCC-65 2020"]
[Site "Prague"]
[Date "2020.03.11"]
[Round "6.23"]
[White "Hammar, Bengt"]
[Black "Baumbach, Friedrich"]
[Result "1/2-1/2"]
[WhiteElo "2142"]
[BlackElo "2130"]
[Annotator "ChessBase"]
[PlyCount "58"]
[EventDate "2020.03.06"]
[EventType "team-tourn"]
[EventCountry "CZE"]
[SourceTitle "playchess.com"]
[Source "ChessBase"]
[SourceQuality "1"]
[TimeControl "40/5400+30:1800+30"]

1. e4 {[%emt 0:00:00]} c5 {[%emt 0:00:00]} 2. Nf3 {[%emt 0:00:24]} Nc6 {[%emt 0:00:17]} 3. d4 {[%emt 0:00:35]} cxd4 {[%emt 0:00:14]} 4. Nxd4 {[%emt 0:00:11]} g6 {[%emt 0:00:11]} 5. c4 {[%emt 0:01:07]} Bg7 {[%emt 0:00:35]} 6. Nc2 {[%emt 0:01:11]} Nf6 {[%emt 0:00:29]} 7. Nc3 {[%emt 0:00:19]} d6 {[%emt 0:01:37]} 8. Be2 {[%emt 0:02:36]} O-O {[%emt 0:00:12]} 9. Be3 {[%emt 0:02:20]} Be6 {[%emt 0:02:06]} 10. f3 {[%emt 0:04:35]} Rc8 {[%emt 0:03:58]} 11. Qd2 {[%emt 0:05:46]} Nd7 {[%emt 0:08:24]} 12. Rb1 {[%emt 0:03:44]} a6 {[%emt 0:06:13]} 13. Nd5 {[%emt 0:04:30]} Nce5 {[%emt 0:07:18]} 14. Na3 {[%emt 0:02:57]} f5 {[%emt 0:10:10]} 15. Nf4 {[%emt 0:03:17]} Bf7 {[%emt 0:02:07]} 16. exf5 {[%emt 0:00:14]} gxf5 {[%emt 0:00:02]} 17. O-O {[%emt 0:00:25]} Nf6 {[%emt 0:06:28]} 18. b3 {[%emt 0:03:54]} Qc7 {[%emt 0:04:08]} 19. Rbc1 {[%emt 0:04:27]} Rfd8 {[%emt 0:03:42]} 20. Nd5 {[%emt 0:09:19]} Bxd5 {[%emt 0:11:38]} 21. cxd5 {[%emt 0:00:33]} Qd7 {[%emt 0:00:59]} 22. Bb6 {[%emt 0:13:26]} Rxc1 {[%emt 0:01:41]} 23. Rxc1 {[%emt 0:00:10]} Rc8 {[%emt 0:00:16]} 24. Rxc8+ {[%emt 0:05:26]} Qxc8 {[%emt 0:00:03]} 25. Nc4 {[%emt 0:00:23]} Ned7 {[%emt 0:06:18]} 26. Bf2 {[%emt 0:02:11]} b5 {[%emt 0:02:43]} 27. Na5 {[%emt 0:04:50]} Qc7 {[%emt 0:02:36]} 28. a4 {[%emt 0:02:16]} bxa4 {[%emt 0:01:54]} 29. bxa4 {[%emt 0:00:07]} Nb6 {[%emt 0:02:02]} 1/2-1/2

[Event "WSTCC-65 2020"]
[Site "Prague"]
[Date "2020.03.11"]
[Round "6.24"]
[White "Walther, Hans-Wolfgang"]
[Black "Malmdin, Nils-Ake"]
[Result "0-1"]
[WhiteElo "2111"]
[BlackElo "2168"]
[Annotator "NA"]
[PlyCount "48"]
[EventDate "2020.03.06"]
[EventType "team-tourn"]
[EventCountry "CZE"]
[SourceTitle "playchess.com"]
[Source "ChessBase"]
[SourceQuality "1"]
[TimeControl "40/5400+30:1800+30"]

1. d4 {[%emt 0:00:00]} Nf6 {[%emt 0:00:06]} 2. c4 {[%emt 0:00:00]} e6 {[%emt 0:00:33]} 3. Nc3 {[%emt 0:00:05]} Bb4 {[%emt 0:00:18]} 4. e3 {[%emt 0:00:21]} O-O {[%emt 0:00:25]} 5. Bd3 {[%emt 0:00:26]} c5 {[%emt 0:02:23]} 6. a3 {[%emt 0:05:06]} Bxc3+ {[%emt 0:15:58]} 7. bxc3 {[%emt 0:00:05]} Nc6 {[%emt 0:00:44]} 8. Nf3 {[%emt 0:14:55]} d6 {[%emt 0:09:34]} 9. e4 {[%emt 0:08:04]} e5 {[%emt 0:00:56]} 10. d5 {[%emt 0:00:46]} Ne7 {[%emt 0:07:37]} 11. O-O {[%emt 0:11:22] E29: Nimzo-Indian: Sämisch: 5...0-0 6 e3 c5 7 Bd3 Nc6.} Ne8 {[%emt 0:06:37]} 12. Ne1 {[%emt 0:01:00] [#]} f5 $146 {[%emt 0:05:06]} ({Predecessor:} 12... Ng6 13. Qc2 Qf6 14. Be3 Nf4 15. f3 Nxd3 16. Nxd3 Qg6 17. Nf2 f5 18. f4 exf4 19. Bxf4 fxe4 20. Qxe4 Bf5 21. Qe7 Rc8 22. Qxb7 Rc7 23. Qb2 Rcf7 24. Qd2 {½-½ (24) Di Benedetto,E (2396)-David,A (2542) Padova 2019}) 13. exf5 {[%emt 0:06:31]} Bxf5 {[%emt 0:00:43]} 14. f4 {[%emt 0:13:38]} e4 {[%emt 0:17:37]} 15. Be2 {[%emt 0:02:06]} h6 {[%emt 0:00:32]} (15... Qa5 $14) 16. g4 {[%emt 0:01:23]} Bh7 {[%emt 0:00:25]} 17. Ng2 {[%emt 0:00:19]} Ng6 {[%emt 0:02:05]} 18. Qe1 {[%emt 0:00:27]} Nc7 {[%emt 0:01:11]} 19. a4 {[%emt 0:01:25]} a6 {[%emt 0:00:27]} 20. h4 {[%emt 0:04:55]} Re8 {[%emt 0:00:29]} 21. g5 {[%emt 0:03:01]} hxg5 {[%emt 0:00:46]} 22. hxg5 {[%emt 0:00:25]} Ne7 $18 {[%emt 0:00:36]} 23. Nh4 {[%emt 0:05:44]} Qd7 {[%emt 0:08:28]} 24. Kg2 {[%emt 0:10:40]} e3 {[%emt 0:02:06]} 0-1

[Event "WSTCC-65 2020"]
[Site "Prague"]
[Date "2020.03.11"]
[Round "6.25"]
[White "Ackermann, Hans Werner"]
[Black "Beilfuss, Wilfried"]
[Result "1/2-1/2"]
[WhiteElo "2242"]
[BlackElo "2205"]
[Annotator "TA"]
[PlyCount "50"]
[EventDate "2020.03.06"]
[EventType "team-tourn"]
[EventCountry "CZE"]
[SourceTitle "playchess.com"]
[Source "ChessBase"]
[SourceQuality "1"]

{[%evp 24,50,27,12,11,11,20,-6,0,0,0,-4,0,0,0,0,0,0,3,0,0,0,0,0,0,-2,-12,-14,-16]} 1. Nf3 Nf6 2. b3 c5 3. Bb2 e6 4. g3 b6 5. Bg2 Bb7 6. O-O Be7 7. c4 d6 8. Nc3 O-O 9. d4 cxd4 10. Qxd4 a6 11. Rfd1 Nbd7 12. Rac1 Qc7 13. Ne1 Bxg2 {The position is equal. A30: Symmetrical English: Double Fianchetto and Hedgehog.} 14. Nxg2 Qb7 15. Ba3 Nc5 16. Bxc5 dxc5 17. Qf4 Rfd8 {[#]} 18. Ne1 $146 ({Predecessor:} 18. Ne3 Qc6 19. Qf3 Qxf3 20. exf3 Rxd1+ 21. Rxd1 Rd8 22. Rxd8+ Bxd8 23. f4 g6 24. Kf1 Nd7 25. Ke2 f5 26. Kd3 {½-½ (26) Damljanovic,B-Danailov,S Bihac 1979}) 18... h6 19. Qf3 Qxf3 20. Nxf3 Bd6 21. Rd3 Bc7 22. Rcd1 Rxd3 23. Rxd3 Kf8 24. h3 Ke7 25. Kf1 Rb8 {A rather calm draw. Accuracy: White = 89%, Black = 100%.} 1/2-1/2

[Event "WSTCC-65 2020"]
[Site "Prague"]
[Date "2020.03.11"]
[Round "6.26"]
[White "Becker, Norbert"]
[Black "Baum, Bernd"]
[Result "0-1"]
[WhiteElo "2107"]
[BlackElo "2249"]
[Annotator "TA"]
[PlyCount "90"]
[EventDate "2020.03.06"]
[EventType "team-tourn"]
[EventCountry "CZE"]
[SourceTitle "playchess.com"]
[Source "ChessBase"]
[SourceQuality "1"]

{[%evp 9,90,0,0,-2,0,-1,-1,1,-3,-6,10,-4,0,0,-1,-10,-6,-14,-5,-75,-76,-70,-70,-83,-83,-83,-83,-80,-76,-133,-74,-75,-73,-118,-74,-69,-29,-42,0,0,10,-93,-90,-134,-126,-144,-117,-143,-127,-165,-74,-115,-126,-266,-133,-301,-286,-486,-490,-476,-107,-162,-145,-130,-109,-183,-181,-420,-402,-406,-397,-1160,-1063,-980,-1025,-4778,-4686,-2281,-2193,-1695,-1493,-1196,-883]} 1. d4 d5 2. Nf3 e6 3. e3 c5 4. c3 Nf6 5. Bd3 Nbd7 6. O-O {D05: Colle System with ...e6.} b6 7. Nbd2 Bb7 8. Qe2 {The position is equal.} Ne4 9. Ne5 Bd6 10. f4 O-O 11. Nxe4 dxe4 12. Bb5 {[#]} Nb8 $146 ({Predecessor:} 12... Nf6 13. dxc5 Bxc5 14. c4 a6 15. Ba4 b5 16. cxb5 Qa5 17. b3 axb5 18. Bxb5 Nd5 {½-½ (35) Kalthoff,P (2141)-Schwenteck,C (2226) GER email 2013}) 13. Rd1 {Threatens to win with dxc5.} Qc7 14. Bd2 {[#]} (14. Bc4 $11) 14... a6 $1 $36 {[%cal Ra6b5][%mdl 2048] Black is really pushing.} 15. Ba4 b5 $1 {[%cal Rb5a4]} 16. Bb3 c4 17. Bc2 f6 18. Ng4 Nd7 19. b4 (19. a4 $142) 19... Nb6 (19... a5 $142 20. a3 Ra7) 20. a4 Qf7 21. Ra2 Qg6 (21... bxa4 $6 22. Bxa4 Nxa4 23. Rxa4 $11) 22. Rda1 bxa4 (22... Nxa4 23. Bxa4 bxa4 24. Rxa4 $11) 23. Bxa4 h5 24. Nf2 Bxf4 25. Bc2 (25. exf4 $11 Nxa4 26. Nxe4 (26. Rxa4 e3 $11 {[%mdl 64] Double Attack}) (26. f5 exf5 27. Qxc4+ Kh7 $11) 26... Qxe4 27. Qxe4 Bxe4 28. Rxa4) 25... Bc7 26. Qf1 {intending b5!} f5 27. Nh3 Rac8 28. Nf4 Qh6 29. Bd1 Bxf4 (29... h4 $19 {and Black stays clearly on top. Strongly threatening ...g5.} 30. Qe2 g5) 30. exf4 Nd5 31. g3 (31. Ra5 $17 {was worth a try.}) 31... Qg6 ({Black should play} 31... h4 $19 {...Rf6 is the strong threat.} 32. Qg2 Rf7) 32. Qh3 $2 (32. Qe1 $17) 32... e3 $19 33. Be1 $2 (33. Bxe3 Nxe3 34. Qxh5) 33... Nxf4 34. Qh4 {[#]} Nd5 $2 (34... e5 $1 $19 {has better winning chances. ( -> ...Qc6)} 35. d5 (35. dxe5 Qc6) 35... Bxd5 36. Rxa6 Rf6) 35. Qxh5 (35. Bxh5 $17 Qh6 36. Bf3) 35... Qxh5 36. Bxh5 f4 37. Bf3 (37. gxf4 $17 Rxf4 38. Be2) 37... fxg3 38. Bxd5 $2 (38. Bh1 {was the only chance.}) 38... gxh2+ ({And not} 38... Bxd5 39. Bxg3 Rf3 40. Re2 $11) 39. Rxh2 Bxd5 ({Not} 39... exd5 40. Re2 $17) 40. Rxa6 $2 (40. Bg3 Rf3 41. Bd6) 40... Rf4 {Black is clearly winning.} 41. Bg3 Rg4 42. Rh3 Rf8 43. Ra1 Rf3 44. Kh2 e2 45. Re1 Rf1 {Accuracy: White = 38%, Black = 70%.} 0-1

[Event "WSTCC-65 2020"]
[Site "Prague"]
[Date "2020.03.11"]
[Round "6.27"]
[White "Kierzek, Matthias"]
[Black "Mueller, Gerhard"]
[Result "1/2-1/2"]
[WhiteElo "2217"]
[BlackElo "2095"]
[Annotator "TA"]
[PlyCount "43"]
[EventDate "2020.03.06"]
[EventType "team-tourn"]
[EventCountry "CZE"]
[SourceTitle "playchess.com"]
[Source "ChessBase"]
[SourceQuality "1"]

{[%evp 13,43,0,4,14,27,0,22,7,35,0,0,0,0,0,46,32,42,22,49,44,114,39,101,37,36,0,0,0,87,-58,-70,-73]} 1. d4 d5 2. c4 c6 3. Nf3 Nf6 4. e3 Nbd7 5. cxd5 cxd5 6. Nc3 e6 7. Bd3 Bd6 8. O-O {D30: Queen's Gambit Declined: Systems without Nc3.} O-O 9. h3 {[#]} Re8 $146 ({Predecessor:} 9... h6 10. Bd2 a6 11. Rc1 b5 12. a3 Bb7 13. Bb1 Ne4 14. Be1 f5 15. Nd2 Qb6 {1-0 (87) Nyi Nyi,L (2210)-Kyi,T (2087) Mandalay 2016}) 10. Bd2 {The position is equal.} b6 11. Rc1 (11. Nb5 $5 {[%cal Rb5d6]} Bb8 12. Qc2 $14) 11... a6 12. e4 dxe4 13. Nxe4 Nxe4 14. Bxe4 Ra7 15. Bg5 $36 {[%mdl 2048] White is more active.} Be7 16. Bf4 Nf6 (16... Bb7 $14 17. Rc7 Qa8 18. Bxh7+ Kxh7 19. Rxd7 Bxf3 20. Rxa7 Bxd1 21. Rxa8 Rxa8 22. Rxd1 Bf6) 17. Bb8 ({White should play} 17. Bc6 $16) 17... Bb7 $14 {[#]} 18. Bxa7 (18. Bxh7+ $1 $16 {[%mdl 512]} Nxh7 19. Bxa7) 18... Bxe4 19. Qb3 Nd5 20. Ne5 Qa8 (20... Bg5 $11 21. Rce1 Bg6) 21. Nc6 (21. f3 $16 Bf5 22. Bxb6) 21... Bg5 $1 $15 {[%mdl 1024] [#] Strongly threatening ...Nf4. Black has compensation.} 22. f3 $1 {Accuracy: White = 44%, Black = 69%.} 1/2-1/2

[Event "WSTCC-65 2020"]
[Site "Prague"]
[Date "2020.03.11"]
[Round "6.28"]
[White "Thoele, Wolfgang"]
[Black "Herbrechtsmeier, Christof"]
[Result "0-1"]
[WhiteElo "1875"]
[BlackElo "2177"]
[Annotator "TA"]
[PlyCount "88"]
[EventDate "2020.03.06"]
[EventType "team-tourn"]
[EventCountry "CZE"]
[SourceTitle "playchess.com"]
[Source "ChessBase"]
[SourceQuality "1"]

{[%evp 13,88,-9,-15,-40,0,-18,34,-22,0,0,-6,-93,-96,-83,-84,-85,-85,-89,-69,-153,-98,-106,-51,-63,-49,-70,-40,-90,-68,-99,-106,-138,-87,-83,-58,-161,-162,-144,-112,-204,-94,-94,-94,-94,-94,-89,-95,-100,-84,-84,-79,-127,-71,-79,-64,-181,-176,-243,-228,-243,-233,-335,-332,-322,-243,-474,-450,-478,-478,-476,-454,-477,-477,-469,-448,-408,-361]} 1. e4 c5 2. Nc3 Nc6 3. d3 e6 4. g3 Nf6 5. Bg2 Be7 6. Nf3 d5 7. O-O O-O 8. Bf4 {A07: Réti Opening: New York and Capablanca Systems.} Qb6 9. b3 {[#]} Rd8 $146 ({Black should play} 9... d4 $11 10. Na4 Qd8) ({Predecessor:} 9... Bd7 10. Qd2 d4 11. Na4 Qa6 12. Nb2 Nh5 13. Nc4 Nxf4 14. gxf4 b5 15. Nce5 Nxe5 16. fxe5 {0-1 (45) Meneghetti,J-Kraujunas,V (1932) ICCF email 2011}) 10. e5 (10. Ne5 $14) 10... Nd7 $11 11. Re1 Nf8 12. d4 (12. h4 $11) 12... Nxd4 $17 13. Nxd4 cxd4 14. Na4 Qc7 15. Qxd4 Bd7 16. Nc3 (16. Nb2 $15) 16... Bc5 (16... Ng6 $142 17. Ne2 Qxc2) 17. Qd3 Qb6 ({Better is} 17... Ng6 $17 18. Ne2 Rac8) 18. Nd1 $15 Bb5 19. Qf3 Rd7 20. Nb2 Ba3 21. Bc1 Qa5 22. Qd1 Bb4 (22... Rc8 $142 {White must now prevent ...Rxc2!} 23. Nd3 Bxc1 24. Rxc1 Qxa2) 23. Re3 $17 Rc8 24. Bf1 (24. a4 $15) 24... Bxf1 $19 25. Kxf1 Bc3 26. a3 (26. f4 $17 {was called for.}) 26... b5 (26... d4 $19 {is more deadly.} 27. Re4 Qd5) 27. Ra2 $17 Ng6 28. Nd3 Qc7 {[%cal Rg6e5]} 29. Bb2 Qb7 30. Re2 d4 {[%cal Rb7h1] [#]} 31. Kg1 a5 $36 {[%mdl 2048] Black has strong initiative.} 32. f4 Qd5 (32... Bxb2 $142 33. Rxb2 Ne7) 33. a4 b4 34. Bxc3 ({White should try} 34. Bc1 $15) 34... dxc3 $19 ({Don't do} 34... Rxc3 35. Qf1 $15) 35. Qf1 (35. Ra1 $142) 35... Ne7 36. Qg2 Nf5 37. Qxd5 (37. Re1 $142) 37... Rxd5 38. Kf2 Rcd8 39. Ke1 $2 (39. Re3 {is a better defense.}) 39... Nd4 40. Re3 {[#]} Nxc2+ $1 {[%mdl 576] Remove Defender} 41. Rxc2 Rxd3 42. Rxd3 Rxd3 43. Ke2 Rd5 44. Ke3 Rd1 {Accuracy: White = 45%, Black = 59%.} 0-1